Choose From Four: 'A' Countries Outlines Quiz Stats

 Plays Quiz Updated Sep 28, 2018

Score 0/11 Timer 05:00
2 Plays Today
Question Answer Wrong Answers
Australia Australia
96.6%
Austria
0.8%
Azerbaijan
0.2%
Andorra
1.1%
Antigua and Barbuda Antigua and Barbuda
95.7%
Azerbaijan
2%
Australia
0.4%
Angola
0.5%
Argentina Argentina
91.7%
Albania
2.4%
Armenia
3.2%
Algeria
1.4%
Austria Austria
86.9%
Australia
2.6%
Armenia
6.1%
Albania
3%
Angola Angola
82.6%
Azerbaijan
5.5%
Armenia
9.3%
Australia
1.2%
Algeria Algeria
79.3%
Angola
9.5%
Andorra
5.9%
Afghanistan
3.8%
Afghanistan Afghanistan
74.7%
Algeria
8.6%
Armenia
7.2%
Austria
8.1%
Albania Albania
74.6%
Argentina
5.8%
Armenia
17.3%
Australia
0.9%
Andorra Andorra
60.4%
Antigua and Barbuda
9.9%
Azerbaijan
8.1%
Albania
20.1%
Armenia Armenia
56.3%
Andorra
20.6%
Austria
6.2%
Afghanistan
15.3%
Azerbaijan Azerbaijan
51.4%
Argentina
5.5%
Armenia
30.9%
Angola
10.6%

You're not logged in!

Compare scores with friends on all Sporcle quizzes.
OR
Log In

Sporcle TV

Today on Sporcle TV


Watch our educational content, quiz creation guides, and fun videos on Sporcle TV.

Show Comments

Extras

Top Quizzes Today


Score Distribution

Your Account Isn't Verified!

In order to create a playlist on Sporcle, you need to verify the email address you used during registration. Go to your Sporcle Settings to finish the process.

Report this User

Report this user for behavior that violates our Community Guidelines.

Details: